[Event "Medellin Amateur op"]
[Site "Medellin"]
[Date "2011.04.20"]
[Round "1.18"]
[White "Jaramillo, Gabriel"]
[Black "Echeverry, Andres Fernando"]
[Result "0-1"]
[WhiteElo "1584"]
[BlackElo "1673"]
[PlyCount "47"]
[EventDate "2011.04.20"]
[EventType "swiss"]
[EventRounds "9"]
[EventCountry "COL"]
[SourceTitle "EXT 2024"]
[Source "ChessBase"]
[SourceDate "2023.10.10"]
[SourceVersion "1"]
[SourceVersionDate "2023.10.10"]
[SourceQuality "1"]

1. Nf3 d5 2. d4 Nf6 3. c4 e6 4. Nc3 c6 5. Bg5 Nbd7 6. e3 Qa5 7. Bxf6 Nxf6 8. Bd3 Bb4 9. Qc2 dxc4 10. Bxc4 b5 11. Bb3 Bb7 12. Nd2 Rc8 13. 0-0 c5 14. a3 Bxc3 15. Qxc3 Qxc3 16. bxc3 cxd4 17. cxd4 Ke7 18. Bd1 Ne4 19. Nxe4 Bxe4 20. f3 Bd3 21. Re1 Rc3 22. Be2 Rhc8 23. Kf1 a5 24. Red1 0-1